| 000 | 00527nam a2200193Ia 4500 | ||
|---|---|---|---|
| 008 | 191130s2010##################000#0#eng## | ||
| 020 | _a978044453436 | ||
| 040 |
_aACL _cACL |
||
| 082 | _a577.72753 EIS | ||
| 100 | _aEisler, Ronald | ||
| 245 |
_aCompendium of trace metals and marine biota _cRonald Eisler |
||
| 260 |
_aAmsterdam _bElsevier _c2010 |
||
| 300 | _axxvii, 610p | ||
| 500 | _aIncludes index | ||
| 650 | _aMarine biology | ||
| 990 | _ae3256f31ac10000c0f0c7b15390862f5 | ||
| 991 | _a245439 | ||
| 999 |
_c252400 _d252400 |
||